000 nam a22 a 4500
999 _c1690
_d1690
003 AKMAL
005 20170511124451.0
008 170511s1999 my a e 000 1 may d
020 _a9834021402 (kkt.) :
_cRM3.50
040 _aAKMAL
082 0 4 _a330.9159 MOH
090 0 0 _a330.9159
_bMOH
100 0 _aMohd. Solehan Haji Badri
_93473
245 1 0 _aGawat :
_bsuatu penjelasan /
_cMohd. Solihan Haji Badri ; illustrasi Juragan
260 _aPetaling Jaya :
_bMohd. Solihan Haji Badri,
_c1999
300 0 0 _a33ms. :
_bil. ;
_c21cm
651 0 _aMalaysia
_xEconomic conditions
_y1997
_93474
651 0 _aMalaysia
_xPolitics and government
_y1997-
_93475
700 0 _aJuragan
_93476
942 _2ddc
_cBOOK